[Event "Sharjah Rapid op 27th"]
[Site "Sharjah"]
[Date "2022.04.06"]
[Round "2"]
[White "Delloro, Noli"]
[Black "Aadit, Agarwal"]
[Result "1-0"]
[WhiteElo "1756"]
[BlackElo "1080"]
[PlyCount "38"]
[EventDate "2022.04.06"]
[EventType "swiss (rapid)"]
[EventRounds "9"]
[EventCountry "UAE"]
[SourceTitle "CBM 207 Extra"]
[Source "ChessBase"]
[SourceDate "2022.05.31"]
[SourceVersion "1"]
[SourceVersionDate "2022.05.31"]
[SourceQuality "1"]

1. e4 e5 2. Nf3 Nc6 3. Bc4 Bc5 4. c3 Nf6 5. d4 exd4 6. cxd4 Bb4+ 7. Nc3 Bxc3+ 8. bxc3 Nxe4 9. 0-0 d5 10. Qc2 0-0 11. Bd3 Bf5 12. Re1 Bg6 13. Bf4 Re8 14. h3 h6 15. Rab1 Rb8 16. Ne5 Nxe5 17. Bxe5 Re6 18. c4 Ng5 19. cxd5 Bxd3 1-0